Statistics for Paramore song - Monster lyrics

Click here to take the quiz!

General Stats

  • This quiz has been taken 355 times
  • The average score is 20 of 28

Answer Stats

HintAnswer% Correct
But I let my heart go, it's somewhere down at the _____bottom
96%
I'll stop the _____ ______, I'll stop the _____ ______whole world
95%
Don't you ever wonder how we _______?survive
94%
Well now that you're gone, the _____ is oursworld
94%
From turning into a monster _____ us aliveeating
92%
And we started _______, not like we'd sink any furtherdrowning
91%
I'm only human, I've got a ______ in meskeleton
88%
You were my _________, so solid, now you're like waterconscience
84%
I'll stop the _____ ______, I'll stop the _____ ______whole world
84%
From turning into a monster _____ us aliveeating
82%
But I'll get a new one and come back for the ___ that you've stolenhope
81%
Don't you ever wonder how we _______?survive
81%
Well now that you're gone, the _____ is oursworld
81%
Call me a traitor, I'm just ________ your victimscollecting
79%
And they're getting ______, I hear them calling.stronger
79%
But I'm not the ______, despite what you're always preaching.villain
69%
I'll stop the _____ ______, I'll stop the _____ ______whole world
65%
From turning into a monster _____ us aliveeating
63%
Don't you ever wonder how we _______?survive
61%
Well now that you're gone, the _____ is oursworld
60%
But You're gonna ____ it, You're gonna ____ itlose
58%
I'll stop the _____ ______, I'll stop the _____ ______whole world
56%
From turning into a monster _____ us aliveeating
54%
Don't you ever wonder how we _______?survive
54%
But I like the ______tension
53%
Well now that you're gone, the _____ is oursworld
52%
And not always ______ the answersknowing
44%
Well you find your _______ in solutionsstrength
42%

Score Distribution

Percentile by Number Answered

Percent of People with Each Score

Your Score History

You have not taken this quiz